La carrera mercantil (Record no. 40647)

MARC details
000 -LEADER
campo de control de longitud fija 00669nam a2200157 i 4500
001 - NÚMERO DE CONTROL
campo de control 40647
003 - IDENTIFICADOR DE NÚMERO DE CONTROL
campo de control ES-MaACL
007 - CAMPO FIJO DE DESCRIPCIÓN FÍSICA--INFORMACIÓN GENERAL
campo de control de longitud fija t|
008 - DATOS DE LONGITUD FIJA--INFORMACIÓN GENERAL
campo de control de longitud fija 030306s1894 sp ||||1| spa d
245 03 - MENCIÓN DEL TÍTULO
Título La carrera mercantil
Resto del título : recopilación de las leyes, decretos... que se han promulgado referentes a las escuelas de Comercio : contiene una reseña histórica de la enseñanza mercantil /
Mención de responsabilidad, etc. por Enrique Lucini y Callejo con un prólogo de José Fiter e Inglés.
260 ## - PUBLICACIÓN, DISTRIBUCIÓN, ETC.
Lugar de publicación, distribución, etc. Madrid :
Nombre del editor, distribuidor, etc. [s.n.,
Fecha de publicación, distribución, etc. 1894] (
Fabricante Ricardo Alvarez)
300 ## - DESCRIPCIÓN FÍSICA
Extensión VII, 260 p. ;
Dimensiones 22 cm.
700 1# - ENTRADA AGREGADA--NOMBRE PERSONAL
Nombre de persona Lucini Gallego, Enrique.
9 (RLIN) 74589
700 1# - ENTRADA AGREGADA--NOMBRE PERSONAL
Nombre de persona Fiter e Inglés, José.
9 (RLIN) 51060
852 ## - LOCALIZACIÓN
Ubicación ES-MaACL
Número de control de estantería G-14135
Holdings
Estatus retirado Estado de pérdida Estado de daño No para préstamo Colección Biblioteca de origen Biblioteca actual Ubicación en estantería Fecha de adquisición Fuente de adquisición Total de préstamos Signatura topográfica completa Código de barras Visto por última vez Precio de reemplazo Tipo de ítem Koha
        Libros del s. XIX Biblioteca del Ateneo de Madrid Biblioteca del Ateneo de Madrid Sala Pecera Planta 3 17/01/2008     G-14135 1042795 23/02/2023 23/02/2023 Libro impreso antiguo